=LDR 00000nam 2200000 4500 =001 INLIS000000000011078 =005 20210108101523 =035 ##$$a 0010-061300000011078 =008 210108################g##########0#ind## =041 ##$$a Ind =082 ##$$a 333.371 309 598 16 =090 ##$$a 392.095 98, Pol p =245 ##$$a Pola penguasaan, pemilikan dan penggunaan tanah secara tradisional daerah Sumatera Selatan /$c Hambali Hasan, SH. {at.all}; editor, Drs. Eddy Ramlan, Drs. Noor Indones =260 ##$$a Jakarta :$b Depdikbud. Bagian Inventarisasi dan Pembinaan Nilai-nilai Budaya,$c 1991 =300 ##$$a vii, 225 hlm. : $b ilus. ; $c 23 x 15 cm. =850 ##$$a NBPNMAT =084 ##$$a 333.371 309 598 16 POL p =650 #4$$a Tanah Penggunaan - Sumatera Selatan =700 #$$a Ramlan, Eddy =990 ##$$a 48.365/Hd-93 =990 ##$$a 48.366/Hd-93 =990 ##$$a 49.917/Hd-93